<?xml version="1.0" encoding="UTF-8"?>
<record
    xmlns:xsi="http://www.w3.org/2001/XMLSchema-instance"
    xsi:schemaLocation="http://www.loc.gov/MARC21/slim http://www.loc.gov/standards/marcxml/schema/MARC21slim.xsd"
    xmlns="http://www.loc.gov/MARC21/slim">

  <leader>01297nam a2200265Ia 4500</leader>
  <controlfield tag="003">OSt</controlfield>
  <controlfield tag="005">20200930220523.0</controlfield>
  <controlfield tag="008">191128t2006    ck ao  gr     000 0 spa d</controlfield>
  <datafield tag="020" ind1=" " ind2=" ">
    <subfield code="a">9789583019555</subfield>
  </datafield>
  <datafield tag="040" ind1=" " ind2=" ">
    <subfield code="a">CO-JMCR</subfield>
    <subfield code="c">CO-JMCR</subfield>
  </datafield>
  <datafield tag="041" ind1="0" ind2=" ">
    <subfield code="a">spa</subfield>
  </datafield>
  <datafield tag="082" ind1="0" ind2="4">
    <subfield code="a">927.8 /</subfield>
    <subfield code="b">A135k</subfield>
    <subfield code="2">23</subfield>
  </datafield>
  <datafield tag="100" ind1="1" ind2=" ">
    <subfield code="a">Abdahllah, Ricardo, </subfield>
    <subfield code="e">autor</subfield>
    <subfield code="9">11075</subfield>
  </datafield>
  <datafield tag="245" ind1="1" ind2="0">
    <subfield code="a">Kurt Cobain : </subfield>
    <subfield code="b">el rock estaba muerto / </subfield>
    <subfield code="c">Ricardo Abdahllah</subfield>
  </datafield>
  <datafield tag="250" ind1=" " ind2=" ">
    <subfield code="a">Primera edici&#xF3;n</subfield>
  </datafield>
  <datafield tag="260" ind1=" " ind2=" ">
    <subfield code="a">Bogot&#xE1; : </subfield>
    <subfield code="b">Panamericana, </subfield>
    <subfield code="c">&#xA9;2006</subfield>
  </datafield>
  <datafield tag="300" ind1=" " ind2=" ">
    <subfield code="a">172 p&#xE1;ginas : </subfield>
    <subfield code="b">fotograf&#xED;as a blanco y negro ; </subfield>
    <subfield code="c">21 cm.</subfield>
  </datafield>
  <datafield tag="490" ind1="0" ind2=" ">
    <subfield code="a">100 personajes autores</subfield>
  </datafield>
  <datafield tag="505" ind1="0" ind2=" ">
    <subfield code="a">Una ciudad promedio -- Las primeras guitarras de Kurt Cobain -- Un "peque&#xF1;o grupo" llamado Nirvana -- En el camino -- La independencia del punk y el perfume de las chicas -- Algo en el aire -- La revoluci&#xF3;n grunge</subfield>
  </datafield>
  <datafield tag="520" ind1="3" ind2=" ">
    <subfield code="a">Kurt Cobain vivi&#xF3; s&#xF3;lo 27 a&#xF1;os. Igual que Jim Morrison, Janis Joplin y Jimi Hendrix. Como ellos, redefini&#xF3; el sonido del rock y le devolvi&#xF3; la vida en un momento en que las poses de las superestrellas y el virtuosismo de si m&#xFA;sicos lo hab&#xED;an alejado de su</subfield>
  </datafield>
  <datafield tag="600" ind1="1" ind2="4">
    <subfield code="a">Cobain, Kurt, </subfield>
    <subfield code="x">biograf&#xED;as</subfield>
    <subfield code="y">1967-1994</subfield>
    <subfield code="9">11076</subfield>
  </datafield>
  <datafield tag="650" ind1="1" ind2="4">
    <subfield code="a">M&#xFA;sica estadounidenses</subfield>
    <subfield code="9">11077</subfield>
  </datafield>
  <datafield tag="650" ind1="1" ind2="4">
    <subfield code="a">Musicos estadounidenses</subfield>
    <subfield code="x">biograf&#xED;as</subfield>
    <subfield code="9">11078</subfield>
  </datafield>
  <datafield tag="942" ind1=" " ind2=" ">
    <subfield code="2">ddc</subfield>
    <subfield code="c">BK</subfield>
  </datafield>
  <datafield tag="999" ind1=" " ind2=" ">
    <subfield code="c">3246</subfield>
    <subfield code="d">3246</subfield>
  </datafield>
  <datafield tag="952" ind1=" " ind2=" ">
    <subfield code="0">0</subfield>
    <subfield code="1">0</subfield>
    <subfield code="2">ddc</subfield>
    <subfield code="4">0</subfield>
    <subfield code="7">0</subfield>
    <subfield code="8">NFIC</subfield>
    <subfield code="a">CPL</subfield>
    <subfield code="b">CPL</subfield>
    <subfield code="d">2018-01-22</subfield>
    <subfield code="e">Donaci&#xF3;n</subfield>
    <subfield code="l">10</subfield>
    <subfield code="m">4</subfield>
    <subfield code="o">927.8 / A135k </subfield>
    <subfield code="p">201506978</subfield>
    <subfield code="r">2025-10-29 08:24:11</subfield>
    <subfield code="s">2025-10-29</subfield>
    <subfield code="t">Ej.1</subfield>
    <subfield code="y">BK</subfield>
  </datafield>
</record>
